Česká veřejnost a reklama reklama jako zrcadlo doby

Spoločenská funkcia reklamy a postoj ľudí k obmedzovaniu reklamy štátom. Je reklama naším právom, alebo ju má štát obmedzovať - názory na obmedzovanie reklamy. Výsledky výskumu.

Guardado en:
Detalles Bibliográficos
Autor principal: Vysekalová, Jitka
Formato: Capítulo de libro
Lenguaje:checo
Materias:
Etiquetas: Agregar Etiqueta
Sin Etiquetas, Sea el primero en etiquetar este registro!

MARC

LEADER 00000naa$a2200000$$$4500
001 0027294
005 20231114075240.4
041 0 |a cze 
044 |a CZ 
245 1 0 |a Česká veřejnost a reklama  |b reklama jako zrcadlo doby  |c Jitka Vysekalová 
520 |a Spoločenská funkcia reklamy a postoj ľudí k obmedzovaniu reklamy štátom. Je reklama naším právom, alebo ju má štát obmedzovať - názory na obmedzovanie reklamy. Výsledky výskumu. 
610 2 0 |a reklama 
610 2 0 |a občania 
610 2 0 |a Česko 
610 2 0 |a 2004 
610 2 0 |a práca výskumná 
100 1 |a Vysekalová, Jitka